[Event "Stuttgart-chB int"]
[Site "Ditzingen"]
[Date "2009.05.21"]
[Round "3"]
[White "Brittschock Schrall, Baerbel"]
[Black "Reiss, Michael1111"]
[Result "1-0"]
[WhiteElo "1542"]
[BlackElo "1358"]
[PlyCount "53"]
[EventDate "2009.05.21"]
[EventType "swiss"]
[EventRounds "7"]
[EventCountry "GER"]
[SourceTitle "EXT 2018"]
[Source "ChessBase"]
[SourceDate "2017.10.13"]
[SourceVersion "1"]
[SourceVersionDate "2017.10.13"]
[SourceQuality "1"]

1. d4 d5 2. Nf3 Nf6 3. g3 Bg4 4. Nbd2 e6 5. Bg2 Bd6 6. 0-0 0-0 7. b3 Nbd7 8. c4 c5 9. Bb2 Qc7 10. Rc1 Rac8 11. cxd5 Nxd5 12. dxc5 Nxc5 13. e4 Nb4 14. Ba3 Qa5 15. Nc4 Qa6 16. Bxb4 Rfd8 17. Nxd6 Rxd6 18. Qc2 Rdc6 19. Ne5 Be2 20. Nxc6 Rxc6 21. Bxc5 Bxf1 22. Bxf1 Qa5 23. b4 Qa3 24. Qd2 g6 25. Qd8+ Kg7 26. Bd4+ Kh6 27. Qh4# 1-0

[Event "Stuttgart-chB int"]
[Site "Gerlingen"]
[Date "2007.05.20"]
[Round "7"]
[White "Brittschock Schrall, Baerbel"]
[Black "Tansek, Branko"]
[Result "1/2-1/2"]
[WhiteElo "1384"]
[BlackElo "1636"]
[PlyCount "55"]
[EventDate "2007.05.17"]
[EventType "swiss"]
[EventRounds "7"]
[EventCountry "GER"]
[SourceTitle "EXT 2018"]
[Source "ChessBase"]
[SourceDate "2017.10.13"]
[SourceVersion "1"]
[SourceVersionDate "2017.10.13"]
[SourceQuality "1"]

1. d4 Nf6 2. Nf3 g6 3. g3 Bg7 4. Bg2 c5 5. e3 e6 6. Nbd2 Na6 7. c3 d5 8. Qc2 cxd4 9. exd4 0-0 10. 0-0 Bd7 11. Re1 Rc8 12. Qb3 Bc6 13. Ne5 b6 14. Nxc6 Rxc6 15. Qb5 Nb8 16. Qb3 Rc8 17. a4 Nc6 18. Nf3 Na5 19. Qd1 Nc4 20. b3 Nd6 21. Ba3 Rxc3 22. Ne5 Re8 23. Rc1 Rc7 24. Rc6 Rxc6 25. Nxc6 Qc7 26. Nxa7 Nd7 27. Bxd6 Qxd6 28. Nb5 1/2-1/2

[Event "Stuttgart-chB int"]
[Site "Ditzingen"]
[Date "2006.05.26"]
[Round "4"]
[White "Brittschock Schrall, Baerbel"]
[Black "Ruff, Robert"]
[Result "1-0"]
[WhiteElo "1363"]
[BlackElo "1564"]
[PlyCount "99"]
[EventDate "2006.05.25"]
[EventType "swiss"]
[EventRounds "7"]
[EventCountry "GER"]
[SourceTitle "EXT 2018"]
[Source "ChessBase"]
[SourceDate "2017.10.13"]
[SourceVersion "1"]
[SourceVersionDate "2017.10.13"]
[SourceQuality "1"]

1. e4 e6 2. Nf3 d5 3. exd5 exd5 4. d4 Bd6 5. Nc3 Ne7 6. Nb5 Bg4 7. Nxd6+ Qxd6 8. Be2 Nbc6 9. c3 0-0-0 10. Bg5 Rde8 11. 0-0 Ng6 12. h3 Bd7 13. Re1 f6 14. Be3 Nce7 15. c4 Nf5 16. Bf1 Nge7 17. c5 Qe6 18. b4 g5 19. Bxg5 Qf7 20. Bf4 Rhg8 21. Kh1 Ng6 22. Rxe8+ Qxe8 23. Bh2 Ngh4 24. Nxh4 Nxh4 25. Bg3 Nf5 26. Bh2 Qg6 27. Qd3 a6 28. g4 Ne7 29. Qg3 Kd8 30. Qxc7+ Ke8 31. Re1 Rg7 32. Bg2 h5 33. Qxb7 Bc6 34. Qc8+ Kf7 35. Qe6+ Kf8 36. Bd6 Qf7 37. Qxf7+ Rxf7 38. Bxe7+ Rxe7 39. Rxe7 Kxe7 40. gxh5 f5 41. f4 Kf6 42. Bf3 Kg7 43. Kg2 Kh7 44. Kg3 Kh6 45. Kh4 Bb7 46. Be2 Bc8 47. a4 Bb7 48. b5 a5 49. Bd3 Bc8 50. c6 1-0

[Event "Stuttgart-chB int"]
[Site "Ditzingen"]
[Date "2006.05.25"]
[Round "2"]
[White "Brittschock Schrall, Baerbel"]
[Black "Daur, Wolfgang"]
[Result "1/2-1/2"]
[WhiteElo "1363"]
[BlackElo "1644"]
[PlyCount "56"]
[EventDate "2006.05.25"]
[EventType "swiss"]
[EventRounds "7"]
[EventCountry "GER"]
[SourceTitle "EXT 2018"]
[Source "ChessBase"]
[SourceDate "2017.10.13"]
[SourceVersion "1"]
[SourceVersionDate "2017.10.13"]
[SourceQuality "1"]

1. e4 e6 2. Nf3 d5 3. exd5 exd5 4. d4 Bd6 5. Nc3 c6 6. Bd2 Bg4 7. Be2 Nf6 8. Ne5 Bf5 9. Bd3 Bxd3 10. Nxd3 0-0 11. 0-0 Qc7 12. g3 Nbd7 13. Bf4 Ne4 14. Bxd6 Qxd6 15. Nxe4 dxe4 16. Nf4 f5 17. c4 Nf6 18. Qb3 Kh8 19. c5 Qd7 20. Rad1 Nd5 21. Nxd5 cxd5 22. f3 Qc6 23. f4 Rf7 24. Qc3 b6 25. b4 a5 26. a3 axb4 27. axb4 Rfa7 28. Ra1 bxc5 1/2-1/2